A compilation of moored current meter data and wind recorder data from the Severe Environment Surface Mooring (SESMOOR) volume XLIII /

Bibliographic Details
Main Author: Crescenti, Gennaro H.
Corporate Author: Woods Hole Oceanographic Institution
Other Authors: Tarbell, Susan, Weller, Robert A.
Format: Book
Language:English
Published: Woods Hole, Mass. : Woods Hole Oceanographic Institution, [1991]
Series:Woods Hole Oceanographic Institution (Series) ; no. 91-18.
Technical report (Woods Hole Oceanographic Institution)
Subjects:

MARC

Tag First Indicator Second Indicator Subfields
LEADER 00000cam a2200000Ia 4500
001 in00002000284
005 20151031124730.0
008 920727s1991 mauab 000 0 eng d
035 |a (OCoLC)ocm26269546 
040 |a NSL  |c NSL  |d TXA  |d UtOrBLW 
049 |a TXAM 
088 |a WHOI-91-18 
090 |a GC1  |b .W582 no. 91-18 
100 1 |a Crescenti, Gennaro H. 
245 1 2 |a A compilation of moored current meter data and wind recorder data from the Severe Environment Surface Mooring (SESMOOR) volume XLIII /  |c by Gennaro H. Crescenti, Susan A. Tarbell and Robert A. Weller. 
264 1 |a Woods Hole, Mass. :  |b Woods Hole Oceanographic Institution,  |c [1991] 
300 |a vi, 49 pages :  |b illustrations ;  |c 28 cm. 
336 |a text  |b txt  |2 rdacontent 
337 |a unmediated  |b n  |2 rdamedia 
338 |a volume  |b nc  |2 rdacarrier 
490 1 |a WHOI ;  |v 91-18.  |a Technical report 
500 |a "Funding was provided by the Office of Naval Research under contract number N00014-84-C-0134, NR 083-400 and grant nol N00014-90-J-1423." 
504 |a Includes bibliographical references (page 49). 
500 |a "July 1991." 
650 0 |a Deep-sea moorings. 
650 0 |a Ocean currents  |z North Atlantic Ocean. 
650 0 |a Ocean temperature  |z North Atlantic Ocean. 
650 0 |a Winds  |z North Atlantic Ocean  |x Measurement. 
700 1 |a Tarbell, Susan. 
700 1 |a Weller, Robert A. 
710 2 |a Woods Hole Oceanographic Institution. 
830 0 |a Woods Hole Oceanographic Institution (Series) ;  |v no. 91-18. 
830 0 |a Technical report (Woods Hole Oceanographic Institution) 
948 |a cataloged  |b h  |c 2004/10/22  |d c  |e rdavis  |f 12:05:00 pm 
994 |a E0  |b TXA 
999 |a MARS 
999 f f |s 4f939af9-307f-3468-be9c-edd35f1c503c  |i 896247b3-d7b9-3832-82cf-37a8bd69883e  |t 0 
952 f f |p ric  |a Texas A&M University  |b Rellis Campus  |c Joint Library Facility  |d Remote Storage  |t 0  |e GC1 .W582 no.91-18  |h Library of Congress classification  |i unmediated -- volume  |m A14832276244 
998 f f |a GC1 .W582 no.91-18  |t 0  |l Remote Storage